000 01102nam a22002537a 4500
005 20100315102214.0
008 100315t xxu||||| |||| 00| 0 hin d
010 _aHIN-89126
020 _a8171980436
_c95.00
035 _aHN-61472
037 _bDBAD / PUB
040 _aDPL
_bHN
082 _a304.2
100 _aमजूमदार, डी.एन.
_93515
245 _aसामाजिक मानवशास्त्र परिचय /
_cडी.एन.मजुमदार एवं टी.एन.मदन
246 _aSamajik manavshatra prichay/
_bby D.N. Majumdar and T.N. Madan
250 _a18वां संस्क
260 _aनौएडा
_bमयूर पेपरबैक्स
_c2009
270 _aए-95, सेक्टर-5
_bनौएडा
_e201301
300 _a254पृ
_c22सेमी (अजिल्द)
700 _aमदन, टी.एन.
_93516
942 _2ddc
_cHN
_mमजुम
999 _c34658
_d34658